| 000 | 01092pam a2200301 a 4500 | ||
|---|---|---|---|
| 001 | 2489352 | ||
| 003 | ARRUPE | ||
| 005 | 20160404121257.0 | ||
| 008 | 911220s1992 enka b 001 0 eng | ||
| 010 | _a 91047601 | ||
| 020 | _a0415015413 (hb) | ||
| 020 | _a0415015421 (pb) | ||
| 040 |
_aDLC _cDLC _dDLC |
||
| 050 | 0 | 0 |
_aP96.A83 _bH37 1992 |
| 082 | 0 | 0 |
_a302.23 _220 |
| 100 | 1 |
_aHartley, John, _d1948- _923517 |
|
| 245 | 1 | 4 |
_aThe politics of pictures : _bthe creation of the public in the age of popular media / _cJohn Hartley. |
| 260 |
_aLondon ; _aNew York : _bRoutledge, _c1992. |
||
| 300 |
_axiii, 240 p. : _bill. ; _c25 cm. |
||
| 504 | _aIncludes bibliographical references (p. 234-236) and index. | ||
| 650 | 0 |
_aMass media _xAudiences. _923518 |
|
| 650 | 0 |
_aMass media _xPolitical aspects. _923519 |
|
| 650 | 0 |
_aPolitics _xSocial aspects _923520 |
|
| 650 | 0 |
_aPictures. _923521 |
|
| 906 |
_a7 _bcbc _corignew _d1 _eocip _f19 _gy-gencatlg |
||
| 942 |
_2lcc _cMONOGRAPH |
||
| 999 |
_c124525 _d124525 |
||